Paroles - La vie ne m'apprend rien - Daniel Balavoine - Statistiques

Statistiques générales
  • Ce quiz a été pris 1 036 fois
  • Le résultat moyen est 249 sur 291
Statistiques - réponses
Réponse % Correct
La
100%
100%
la
100%
ma
100%
m'apprend
99%
ne
99%
vie
99%
je
98%
Je
98%
le
98%
les
98%
Les
98%
rien
98%
Et
97%
pas,
96%
pas
96%
peu
96%
que
96%
Que
96%
Mais
95%
reste
94%
sais
94%
un
94%
hommes
93%
loi
93%
planté
93%
plus
93%
quel
93%
font
92%
peux
92%
a
91%
À
91%
à
91%
de
91%
De
91%
lois
90%
quelques
89%
chemin
88%
me
88%
prendre
86%
Prendre
86%
Qui
86%
qui
86%
se
86%
pour
84%
ce
82%
peut
82%
dire
80%
juste
79%
Ou
79%
ou
79%
qu'il
78%
droit
77%
être
77%
mon
77%
train
76%
des
74%
méchants
74%
faire
73%
bons
72%
faut
72%
par
71%
sentiments
71%
choisir
70%
dans
69%
d'être
69%
moi
69%
côté
68%
grand
68%
voulais
68%
vivant
67%
ose
66%
trouvent
65%
m'apprendre
64%
fait
63%
ont
63%
dis
61%
Ils
61%
m'interdire
61%
Leurs
60%
honnête
59%
sont
59%
suffit
59%
non-croyant
57%
sang
57%
ceux
56%
évangiles
55%
porte
55%
Quand
55%
croient
54%
J'aimerai
54%
montrer
54%
sous
54%
tête
54%
argent
53%
liberté
53%
s'achète
53%
parler,
52%
bataille
51%
mitraille
51%
pauvre
51%
tellement
50%
peut-être
49%
idéaux
48%
endort
45%
n'est
45%
l'abri
43%
médailles
42%
reste-t-il
42%
changer
38%
m'accrocher,
35%
sauvée
35%
prêcheurs
33%
morts
32%
Aucun quiz correspondant
Distribution des résultats
% des personnes avec chaque résultat
Percentile par nombre de réponses
Votre historique - résultats
Vous n’avez pas pris ce quiz